| 000 | 00856cam a2200205 4500 | ||
|---|---|---|---|
| 001 | ABS65356 | ||
| 008 | 020430n2002 000 0 eng u | ||
| 035 | _a(Sirsi) u117777 | ||
| 245 | _aHow to decide what is fair | ||
| 260 | _c2002 | ||
| 490 |
_aEstates Gazette _v(0216) 20 April 2002, 172-174(3) |
||
| 520 | _aFirst part of "Mainly for students" two-part feature on dispute resolution. Concentrates on processes available to landlords and tenants seeking to settle rent reviews. Looks at the preferences for arbitrator or expert, and use of Calderbank letters. | ||
| 590 | _aABS | ||
| 650 | _aCALDERBANK LETTERS | ||
| 650 | _aMANAGEMENT-DISPUTE AVOIDANCE, MANAGEMENT AND RESOLUTION-DISPUTE MANAGEMENT AND RESOLUTION-ARBITRATION | ||
| 650 | _aRENT REVIEWS | ||
| 650 | _aMAINLY FOR STUDENTS | ||
| 690 |
_aDispute resolution _96236 |
||
| 942 | _n0 | ||
| 999 |
_c70128 _d70128 |
||